Yoga for Wellness / (Record no. 173536)

MARC details
000 -LEADER
fixed length control field 00539nam a22001817a 4500
005 - DATE AND TIME OF LATEST TRANSACTION
control field 20200302121658.0
010 ## - LCCN (DPL NO)
LC control number ENG-127892
020 ## - INTERNATIONAL STANDARD BOOK NUMBER
International Standard Book Number 9788175247017
Terms of availability 750.00
035 ## - SYSTEM CONTROL NUMBER
System control number 111424
037 ## - SOURCE OF ACQUISITION
Source of stock number/acquisition DBAD/PUB
082 ## - DEWEY DECIMAL CLASSIFICATION NUMBER
Classification number 613.7046
100 ## - MAIN ENTRY--PERSONAL NAME
Personal name Thakur,J.K
245 ## - TITLE STATEMENT
Title Yoga for Wellness /
Statement of responsibility, etc by J.K.Thakur
260 ## - PUBLICATION, DISTRIBUTION, ETC. (IMPRINT)
Place of publication, distribution, etc New Delhi
Name of publisher, distributor, etc Khel Sahitya Kendra
Date of publication, distribution, etc 2016
270 ## - ADDRESS
Address 7/26, Ansari Road, Daryaganj
City New Delhi
Postal code 110002
Electronic mail address khelsahitya@rediffmail.com
300 ## - PHYSICAL DESCRIPTION
Extent 278p.
Dimensions 23cm(hb)
942 ## - ADDED ENTRY ELEMENTS (KOHA)
Source of classification or shelving scheme Dewey Decimal Classification
Item type English Books
Classification part 613.7046
Call number suffix THA
Holdings
Withdrawn status Lost status Not for loan Collection code Home library Current library Date acquired Source of acquisition Cost, normal purchase price Full call number Barcode Copy number Cost, replacement price Koha item type
    Not For Loan Non-fiction Central Library Central Library 02/03/2020 DBAD/PUB 750.00 613.7046 THA EN-111424 1 750.00 English Books

© Delhi Public Library
Hit Counter
free hit counter